Contribución a la teoría del Derecho / (Record no. 33802)
[ view plain ]
| 000 -LEADER | |
|---|---|
| campo de control de longitud fija | 00648nam a2200205 i 4500 |
| 001 - NÚMERO DE CONTROL | |
| campo de control | 33802 |
| 003 - IDENTIFICADOR DE NÚMERO DE CONTROL | |
| campo de control | ES-MaACL |
| 005 - FECHA Y HORA DE LA ÚLTIMA TRANSACCIÓN | |
| campo de control | 20230906154826.0 |
| 007 - CAMPO FIJO DE DESCRIPCIÓN FÍSICA--INFORMACIÓN GENERAL | |
| campo de control de longitud fija | t| |
| 008 - DATOS DE LONGITUD FIJA--INFORMACIÓN GENERAL | |
| campo de control de longitud fija | 030203s1980 sp ||||1| spa d |
| 100 1# - ENTRADA PRINCIPAL--NOMBRE DE PERSONA | |
| Nombre de persona | Bobbio, Norberto. |
| 9 (RLIN) | 29645 |
| 245 10 - MENCIÓN DEL TÍTULO | |
| Título | Contribución a la teoría del Derecho / |
| Mención de responsabilidad, etc. | Norberto Bobbio ; edición de Alfonso Ruiz Miguel. |
| 260 ## - PUBLICACIÓN, DISTRIBUCIÓN, ETC. | |
| Lugar de publicación, distribución, etc. | [Valencia : |
| Nombre del editor, distribuidor, etc. | Fernando Torres, |
| Fecha de publicación, distribución, etc. | 1980] |
| 300 ## - DESCRIPCIÓN FÍSICA | |
| Extensión | 403 p. ; |
| Dimensiones | 23 cm. |
| 490 1# - MENCIÓN DE SERIE | |
| Mención de serie | El Derecho y el Estado ; |
| Designación de volumen o secuencia | 1 |
| 700 1# - ENTRADA AGREGADA--NOMBRE PERSONAL | |
| Nombre de persona | Ruiz Miguel, Alfonso. |
| 9 (RLIN) | 100876 |
| 830 0# - PUNTO DE ACCESO ADICIONAL DE SERIE-TÍTULO UNIFORME | |
| Título uniforme | El Derecho y el Estado ; |
| Designación de volumen o secuencia | 1 |
| 9 (RLIN) | 186398 |
| 852 ## - LOCALIZACIÓN | |
| Ubicación | ES-MaACL |
| Número de control de estantería | L-5278 |
| Sublocalización o colección | R.105824 |
| Estatus retirado | Estado de pérdida | Estado de daño | No para préstamo | Biblioteca de origen | Biblioteca actual | Ubicación en estantería | Fecha de adquisición | Fuente de adquisición | Total de préstamos | Signatura topográfica completa | Código de barras | Visto por última vez | Precio de reemplazo | Tipo de ítem Koha |
|---|---|---|---|---|---|---|---|---|---|---|---|---|---|---|
| Biblioteca del Ateneo de Madrid | Biblioteca del Ateneo de Madrid | Depósito 2 | 17/01/2008 | L-5278 | 1035184 | 23/02/2023 | 23/02/2023 | Libro impreso |
